000
00280nam a22001097a 4500
082
_a
621 MUD'E
100
_a
ROMNEY, G. C,MUDGE, I. W
_9
57248
245
_a
ENGINEERING SCIENCE FOR MECHANICAL ENGINEERING TECHNICIANS
260
_a
LONDON
_b
EUP
_c
1965
300
_a
233P
942
_c
BK
999
_c
567539
_d
567539